Normal view MARC view
  • Moreno-González, Ainara

Entry Nombre Personal

Number of records used in: 1

001 - NUMERO DE CONTROL

  • campo de control: 49222

003 - IDENTIFICADOR DE NUMERO DE CONTROL

  • campo de control: UPN

005 - FECHA Y HORA DE LA ÜLTIMA TRANSACCIÓN

  • campo de control: 20230608134854.0

008 - DATOS DE LONGITUD FIJA

  • campo de control de longitud fija: 230608|| acn||aabn | a|a d

024 ## - OTROS IDENTIFICADORES NORMALIZADOS

  • Fuente: orcid
  • Número normalizado o código: https://orcid.org/0000-0002-8183-5434

040 ## - FUENTE DE CATALOGACIÓN

  • Agencia original de catalogación: MX-MxUPN

100 1# - ENCABEZAMIENTO - NOMBRE PERSONAL

  • Nombre personal: Moreno-González, Ainara

370 ## - LUGAR ASOCIADO

  • Place of birth: Barcelona, España

373 ## - GRUPO ASOCIADO

  • Associated group: Universidad de Barcelona

670 ## - FUENTE EN LA QUE SE LOCALIZARON DATOS

  • Cita de la fuente: En recurso en línea Aloma : revista de psicología, ciencies de l'educació i de l de l'esport Vol. 41, no. 1 (2023):
  • Información localizada: página 141 (Ainara Moreno-Gonzàlez)
  • Uniform Resource Identifier: http://www.revistaaloma.net/index.php/aloma/article/view/629/200200353

902 ## - CATALOGADOR

  • Catalogador: RGJD/080623